Košice - Hlavná pošta

Zobrazenie: pohľad zľava z výšky na budovu, vľavo pred budovou park so stromami

Bibliographic Details
Format: Photo
Language:Slovak
PhysicalDescription:1 pohľadnica čiernobiela 9 x 14 cm
Published: Bratislava Tvar 1954
Subjects:

MARC

LEADER 00000nkm a2200000 a 4500
001 vtls011597806
003 SK-MaSNL
005 20260301221410.0
007 kf bo
008 200701s1954 xo g kuslo
015 |a SNBG 
040 |a SNK  |b slo  |c SNK  |e AACR2 
041 0 |a slo 
043 |a e-xo--- 
044 |a xo  |c SK 
080 |a 913(437.6)  |2 2011 
080 |a 725.1:656.8  |2 2011 
080 |a (084.121)  |2 2011 
245 0 0 |a Košice - Hlavná pošta  |h grafika 
260 |a Bratislava  |b Tvar  |c 1954 
300 |a 1 pohľadnica  |b čiernobiela  |c 9 x 14 cm 
520 8 |a Zobrazenie: pohľad zľava z výšky na budovu, vľavo pred budovou park so stromami 
650 0 7 |a pošty  |2 SNKPH  |9 13835 
651 7 |a Košice (Slovensko)  |2 SNKPH  |9 18694 
655 7 |a miestne pohľadnice  |2 SNKPH  |9 70510 
958 |a GBN 
958 |a GC 
958 |a OND 
999 |c 935721  |d 937651 
952 |a SNK  |b SNK  |y PREZ  |7 0  |p 17A1208459  |o snkSP 6962  |0 0  |1 0  |4 0  |d 2016-12-06  |f 1  |l 0  |r 2026-02-24 09:02:28  |w 2026-02-24